Microeconomic analysis
-д хадгалсан:
| Үндсэн зохиолч: | |
|---|---|
| Формат: | Ном |
| Хэвлэсэн: |
WW Norton & Co/viva
|
| Шошгууд: |
Шошго байхгүй, Энэхүү баримтыг шошголох эхний хүн болох!
|
MARC
| LEADER | 00000nam a2200000Ia 4500 | ||
|---|---|---|---|
| 005 | 20260515061615.0 | ||
| 100 | |a Varian, Hal R. | ||
| 020 | |a 9788130908632 | ||
| 942 | |c BK | ||
| 245 | |a Microeconomic analysis | ||
| 260 | |b WW Norton & Co/viva | ||
| 999 | |c 26 |d 26 | ||
| 952 | |0 0 |1 0 |4 0 |7 0 |a ABDN |b ABDN |d 2026-05-15 |l 0 |p 000069 |r 2026-05-15 06:16:15 |w 2026-05-15 |y BK | ||